|
|
|
|
| LEADER |
01297nam a2200289 a 4500 |
| 001 |
38352 |
| 003 |
BD-DhAAL |
| 008 |
220410t1993 xxu 001 0 eng d |
| 999 |
|
|
|c 44033
|d 44033
|
| 010 |
|
|
|a 91045490
|
| 020 |
|
|
|a 0880297689
|
| 020 |
|
|
|a 0760716382
|
| 040 |
|
|
|a DLC
|c DLC
|d DLC
|d BD-DhAAL
|
| 050 |
0 |
0 |
|a PN6081
|b .R435 1992
|
| 082 |
0 |
0 |
|a 808.82
|2 20
|
| 245 |
0 |
0 |
|a Respectfully quoted :
|b a dictionary of quotations from the Library of Congress /
|c edited by Suzy Platt, Congressional Research Service.
|
| 260 |
|
|
|a New York :
|b Barnes & Noble,
|c c1993.
|
| 300 |
|
|
|a xxvi, 520 pages ;
|c 26 cm.
|
| 500 |
|
|
|a "This book was first published in 1989 by the Library of Congress under the title Respectfully quoted : a dictionary of quotations requested from the Congressional Research Service"--T.p. verso.
|
| 500 |
|
|
|a Includes index.
|
| 541 |
|
|
|a Donated By Akbar Ali Khan
|e 38352
|
| 650 |
|
0 |
|a Quotations, English.
|9 47862
|
| 700 |
1 |
|
|a Platt, Suzy.
|9 47863
|
| 710 |
2 |
|
|a Library of Congress.
|b Congressional Research Service.
|9 47864
|
| 852 |
|
|
|a Ayesha Abed Library
|c Akbar Ali Khan Collection
|
| 942 |
|
|
|2 ddc
|c BK
|
| 952 |
|
|
|0 0
|1 0
|2 ddc
|4 0
|6 808_820000000000000_RES
|7 1
|9 70483
|a BRACUL
|b BRACUL
|c CS1
|d 2022-04-10
|e Donated by Akbar Ali Khan
|l 0
|o 808.82 RES
|p 3010038352
|r 2022-04-10
|t 1
|w 2022-04-10
|y BK
|